|
|
|
|
| LEADER |
00991nam a22002057i 4500 |
| 003 |
GR-PaULI |
| 005 |
20220303120239.0 |
| 008 |
170524s2002 gr ||||f |||| 00| p gre d |
| 952 |
|
|
|0 0
|1 0
|2 ddc
|4 0
|6 889_140000000000000_ΠΟΥ
|7 0
|9 212580
|a LISP
|b LISP
|c DON
|d 2017-05-24
|e ΒΑΛ
|i 129231
|l 0
|o 889.14 ΠΟΥ
|p 025000247691
|r 2017-05-24 00:00:00
|t 1
|v 2017.00
|w 2017-05-24
|y BK15
|
| 952 |
|
|
|0 0
|1 0
|2 ddc
|4 0
|6 889_140000000000000_ΠΟΥ
|7 0
|9 365751
|a LISP
|b LISP
|c DON
|d 2022-11-14
|e ΠΑΤ
|i 149562
|l 0
|o 889.14 ΠΟΥ
|p 025000276469
|r 2022-11-14 00:00:00
|t 2
|w 2022-11-14
|y BKN
|
| 999 |
|
|
|c 129300
|d 129300
|
| 020 |
|
|
|a 9603851485
|
| 040 |
|
|
|a GR-PaULI
|b gre
|c GR-PaULI
|e AACR2
|
| 082 |
0 |
4 |
|2 23
|a 889.14
|
| 100 |
1 |
|
|9 162145
|a Πουργούρης, Μαρίνος
|e συγγραφέας
|
| 245 |
1 |
4 |
|a Του μύθου και της αρμύρας /
|c Μαρίνος Πουργούρης.
|
| 260 |
|
|
|a Αθήνα :
|b Δωδώνη,
|c 2002.
|
| 300 |
|
|
|a 50, [1] σ. ;
|c 22 εκ.
|
| 942 |
|
|
|2 ddc
|c BK15
|
| 998 |
|
|
|c ΛΟΤΣΑΡΗ
|d 2017-05
|